| LEADER |
01156nam0a2200205 450 |
| 001 |
16868306 |
| 010 |
|
|
|a 978-2-7316-4205-6
|b cart.
|d 14,5
|
| 100 |
|
|
|a 20200824d2021 u u0frey01 ba
|
| 101 |
0 |
|
|a fre
|
| 102 |
|
|
|a FR
|
| 200 |
0 |
|
|a Albinos
|f scénario Christophe Bec
|g dessin Ennio Bufi
|
| 207 |
|
1 |
|a
|
| 215 |
|
|
|a 1 vol.
|c illustrations en couleur
|d 32 x 24 cm
|
| 330 |
|
|
|a Suite et fin du dyptique 'Kane'. Tandis que Kane est toujours poursuivi par les hommes de main du Centenaire des Carpates, le mégalodon albinos, dont les attaques mortelles se font de plus en plus fréquentes, fait lui aussi l'objet d'une traque sans relâche. Lorsque les routes des deux fugitifs finissent par se croiser, les courses-poursuites ne font plus qu'une. C'est l'occasion pour Kane de faire la rencontre de cette créature merveilleuse, et peut-être de comprendre ses attaques répétées sur les Hommes...
|
| 461 |
|
0 |
|t Kane
|v 02
|
| 700 |
|
0 |
|a Bec
|b Christophe
|4 70
|
| 701 |
|
0 |
|a Bufi
|b Ennio
|4 440
|
| 900 |
|
|
|a Bande dessinée (adultes)
|
| 901 |
|
|
|a Adultes
|
| 995 |
|
|
|a Médiathèque
|c Médiathèque
|f 00156010449353
|h 00156010449353
|k BDA BEC KAN 2
|o p
|q a
|r az
|e Médiathèque
|